000 00959nam a2200241Ia 4500
001 15716
003 GE_BSU
008 181216s||||||||xx |||||||||||||| ||und||
040 _cGE_BSU
080 _a821.353.1+821.353.1-4
100 _aწვერავა, სიმონ
245 _aსოფლის სურათები
245 _bმოთხრობები, ნარკვევები
245 _cპ/მგ რედ.შ.ძიძიგური. მხ.დ. ქუთათელაძე
260 _aთბილისი
260 _bსაბლიტგამი
260 _c1954.
300 _a320გვ. ; 19სმ
653 _aლევან ლეშკაშელი; ბრიგადირთან; სიყვარული [და სხვა]
653 _aმოთხრობები, ნარკვევები
653 _aსოფლის სურათები
942 _cBK
999 _c48814
_d48814